00614nam a2200169Ia 4500001000900000003000500009008004100014010001100055040000900066100002400075245011700099260003400216300001000250502010400260650003000364710005000394Para_795CHAP220125s1985 xx 000 0 und d a199502 cCHAP aRuiz Garcia, Ramiro aPiretroides :b algunas consideraciones para uso adecuado del valle del Yaqui, Sonora /c por Ramiro Ruiz Garcia aChapingo, Méx. :b el autor a45 h. aTesis (Ing. Agr. Esp. en Parasitología Agrícola) UAACH. Departamento Parasitología Agrícola aInsecticidas x Toxicidad aUACh. Departamento Parasitología Agrícola